| 000 | 00406nam a2200169Ia 4500 | ||
|---|---|---|---|
| 008 | 230524s9999 xx 000 0 und d | ||
| 020 | _a8123911696 | ||
| 082 |
_a574.19 _bLAL |
||
| 100 |
_aHarbans Lal _942015 |
||
| 245 | 2 | _aA Textbook of Biochemistry | |
| 250 | _a1 | ||
| 260 |
_aNew Delhi _bCBS _c2008 |
||
| 300 | _a"XII,497p;" | ||
| 500 | _aQuantity Number: 1 | ||
| 650 | _aBiomedical | ||
| 942 | _cBK | ||
| 999 |
_c56429 _d56429 |
||